[Event "Donau op 5th"]
[Site "Aschach"]
[Date "1996.??.??"]
[Round "5"]
[White "Brandstaetter, Friedrich"]
[Black "Hellmayr, Alois"]
[Result "1-0"]
[WhiteElo "2105"]
[BlackElo "2300"]

1.e4 c5 2.Nf3 e6 3.d4 cxd4 4.Nxd4 a6 5.Nc3 Qc7 6.g3 Nf6 7.Bg2 d6 8.O-O Nc6
9.Re1 Bd7 10.Nxc6 bxc6 11.Na4 Rb8 12.c4 c5 13.Nc3 Be7 14.b3 O-O 15.Bb2 Rbd8
16.Qe2 Bc6 17.Rad1 Qb7 18.Nd5 Ne8 19.Nxe7+ Qxe7 20.e5 Bxg2 21.Kxg2 Nc7 22.exd6 Rxd6
23.Qe5 Ne8 24.Qxc5 Qb7+ 25.Kg1 Rc6 26.Qe3 Nf6 27.Bxf6 gxf6 28.Rd4 Qe7 29.Rh4 f5
30.Qf3 Rc7 31.Rd1 Qg5 32.Rhd4 a5 33.Rd7 Rc5 34.Kg2 Qf6 35.Qd3 f4 36.Rd4 Rf5
37.Rxf4 Rxf4 38.gxf4 Rb8 39.Qd4 Kg7 40.Qe5 Qxe5 41.fxe5 Rb4 42.Rc1 a4 43.Rc3 Kg6
44.c5 Kf5 45.c6 Rb8 46.c7 Rc8 47.Rc5 a3 48.Kf3 f6 49.exf6+ Kxf6 50.Ke4 h5
51.h4  1-0

[Event "POL-chT"]
[Site "Augustow"]
[Date "1996.??.??"]
[Round "?"]
[White "Robak, Zbigniew"]
[Black "Jaracz, Pawel"]
[Result "1-0"]
[WhiteElo "2350"]
[BlackElo "2405"]

1.e4 c5 2.Nf3 e6 3.d4 cxd4 4.Nxd4 a6 5.Nc3 Qc7 6.Bd3 Nf6 7.O-O Nc6 8.Be3 Ne5
9.h3 Bc5 10.Kh1 d6 11.f4 Ned7 12.Qf3 b5 13.a3 Bb7 14.b4 Bxd4 15.Bxd4 e5 16.fxe5 dxe5
17.Nd5 Bxd5 18.exd5 exd4 19.d6 Qd8 20.Rae1+ Kf8 21.Re7 Kg8 22.Rxd7 Qxd7 23.Qxa8+ Ne8  1-0

[Event "AUT-chT2S 9697"]
[Site "Austria"]
[Date "1996.??.??"]
[Round "2"]
[White "Siklosi, Zoltan"]
[Black "Forintos, Gyozo V"]
[Result "0-1"]
[WhiteElo "2395"]
[BlackElo "2405"]

1.e4 c5 2.Nf3 e6 3.Nc3 a6 4.d4 cxd4 5.Nxd4 Qc7 6.Be2 b5 7.f4 b4 8.Na4 Bb7
9.Bf3 Nf6 10.e5 Nd5 11.O-O g6 12.Kh1 Bg7 13.Bd2 O-O 14.Bxd5 Bxd5 15.Bxb4 Bxg2+
16.Kxg2 Qb7+ 17.Qf3 Qxb4 18.Qxa8 Qxd4 19.Nc3 d5 20.exd6 Qxd6 21.Qf3 Nc6 22.Rad1 Qc7
23.Rd2 Nd4 24.Qe4 Nf5 25.Nd1 Nd6 26.Qe2 Nc4 27.Rd3 Nxb2 28.Nxb2 Qb7+ 29.Rdf3 Qxb2
30.Qxa6 Qxc2+ 31.R1f2 Qe4 32.Qd3 Qa8 33.Re2 Rd8 34.Qe4 Qa6 35.Rc2 h5 36.Qc4 Qa7
37.Rd3 Qb7+ 38.Kg3 Rf8 39.Qc6 Qb1 40.Kg2 Bf6 41.Rd7 h4 42.Rc7 Kg7 43.Rc8 Rxc8
44.Qxc8 Qd1 45.Qc4 Qg4+ 46.Kf2 h3 47.Qe4 e5 48.Qf3 Bh4+ 49.Ke2 Qg1 50.fxe5 Qxh2+
51.Kd3 Qxe5 52.Qxh3 Qd5+ 53.Kc3 Bf6+ 54.Kb4 Qb7+ 55.Kc4 Qa6+ 56.Kd5 Qa5+
57.Rc5 Qxa2+ 58.Kc6 Bd4 59.Rd5 Qa6+ 60.Kd7 Qc4 61.Kd6 Ba7 62.Qd3 Bb8+ 63.Kd7 Qc7+
64.Ke8 Qc8+ 65.Ke7 Ba7 66.Kd6 Bb8+ 67.Ke7 Qe6+ 68.Kd8 Ba7 69.Rd7 Qb6+ 70.Ke7 Qb4+  0-1

[Event "AUT-chT9697"]
[Site "Austria"]
[Date "1996.??.??"]
[Round "6"]
[White "Plank, Franz"]
[Black "Stanec, Nikolaus"]
[Result "0-1"]
[WhiteElo "2265"]
[BlackElo "2505"]

1.e4 c5 2.Nf3 e6 3.Nc3 a6 4.d4 cxd4 5.Nxd4 Qc7 6.g3 Bb4 7.Bd2 Nf6 8.Bg2 Be7
9.Qe2 d6 10.O-O Nbd7 11.Rad1 Rb8 12.a4 b6 13.Rfe1 Bb7 14.Bc1 O-O 15.h3 Rfe8
16.Qe3 Bf8 17.b3 Rbc8 18.Bb2 Qb8 19.Re2 Qa8 20.Nf3 Nc5 21.Nd2 Ncd7 22.Nf3 Rcd8
23.Kh2 Nc5 24.Nd4 g6 25.b4 Ncd7 26.Nb3 Ne5 27.Qc1 Bg7 28.f4 Nc4 29.Ba1 e5
30.Nd5 Bxd5 31.exd5 exf4 32.Rxe8+ Rxe8 33.Qxf4 Ne3 34.Bxf6 Bxf6 35.Qxf6 Nxd1
36.Nd4 Qd8 37.Qf1 Ne3 38.Qxa6 Qf6 39.Qd3 Qf2 40.Qe2 Qxe2  0-1

[Event "AUT-ch (Women)"]
[Site "?"]
[Date "1996.??.??"]
[Round "9"]
[White "Sommer, Sonja"]
[Black "Fauland Borek, Jutta"]
[Result "0-1"]
[WhiteElo "2030"]
[BlackElo "2110"]

1.e4 c5 2.Nf3 e6 3.d4 cxd4 4.Nxd4 a6 5.Nc3 Qc7 6.f4 Bb4 7.Bd2 d6 8.a3 Bc5
9.Be3 Nf6 10.Qf3 Nbd7 11.Nde2 b5 12.Ng3 Bb7 13.Bd3 Qb6 14.Nd1 d5 15.Rf1 Rc8
16.exd5 Nxd5 17.Bxc5 Nxc5 18.Qe2 Nxd3+ 19.Qxd3 Rc4 20.Nc3 Rd4 21.Qe2 O-O
22.Rf3 Nxf4 23.Rxf4 Rxf4 24.O-O-O Rf2 25.Qe5 Rxg2 26.Nce2 f6 27.Qf4 e5 28.Qg4 Qe3+
29.Kb1 Bc8 30.Qb4 Rxe2 31.Rd3 Qg1+ 32.Ka2 Be6+  0-1

[Event "AUT-chT9596"]
[Site "?"]
[Date "1996.??.??"]
[Round "?"]
[White "Schumi, Manfred"]
[Black "Gaertner, Guntram"]
[Result "1/2-1/2"]
[WhiteElo "2220"]
[BlackElo "2350"]

1.e4 c5 2.Nf3 e6 3.d4 cxd4 4.Nxd4 a6 5.Nc3 b5 6.Bd3 Ne7 7.a4 b4 8.Nce2 Nbc6
9.O-O Bb7 10.Be3 Nxd4 11.Nxd4 Ng6 12.Qh5 Qc7 13.Nb3 Qe5 14.Qxe5 Nxe5 15.Na5 Bc8
16.Be2 Be7 17.f4 Bd8 18.Nb3 Nc6 19.Rfd1 Na5 20.Bc5 Nxb3 21.cxb3 Bb7 22.Rd4 Rc8
23.Rxb4 Ba8 24.Bd6 a5 25.Rc4 Rxc4 26.bxc4 Bxe4 27.Bf3 Bxf3 28.gxf3 g5 29.b4 Be7
30.c5 axb4 31.fxg5 Rg8 32.a5 Bxd6 33.cxd6 Rxg5+ 34.Kf2 Rc5 35.a6 Rc8 36.a7 Ra8
37.Rc1 f5 38.Rc7 b3 39.Rb7 Kf7 40.Rxd7+ Kf6 41.Rb7 b2 42.d7 Ke7 43.Rxb2  1/2-1/2

[Event "AUT-chT9596"]
[Site "?"]
[Date "1996.??.??"]
[Round "?"]
[White "Roth, Peter"]
[Black "Gaertner, Guntram"]
[Result "1/2-1/2"]
[WhiteElo "2315"]
[BlackElo "2350"]

1.e4 c5 2.Nf3 e6 3.d4 cxd4 4.Nxd4 a6 5.Nc3 b5 6.Bd3 Ne7 7.O-O Nbc6 8.Nb3 Ng6
9.f4 d6 10.a4 b4 11.Ne2 Be7 12.Ng3 O-O 13.Nh5 d5 14.e5 a5 15.Rf3 Ba6 16.Rh3 Bxd3
17.cxd3 f6  1/2-1/2

[Event "AUT-chT9596"]
[Site "?"]
[Date "1996.??.??"]
[Round "?"]
[White "Wach, Markus"]
[Black "Horvath, Csaba"]
[Result "1/2-1/2"]
[WhiteElo "2380"]
[BlackElo "2540"]

1.e4 c5 2.Nf3 e6 3.d4 cxd4 4.Nxd4 a6 5.Nc3 Qc7 6.Be2 b5 7.O-O Bb7 8.Bf3 Nc6
9.Nxc6 dxc6 10.Re1 Ne7 11.Qe2 Ng6 12.e5 Bc5 13.Qe4 Qb6 14.Be3 Bxe3 15.Qxe3 Qxe3
16.Rxe3 O-O-O 17.g3 c5  1/2-1/2

[Event "AUT-ch"]
[Site "AUT"]
[Date "1996.??.??"]
[Round "3"]
[White "Roth, Peter"]
[Black "Wohlfahrt, Herbert J"]
[Result "1-0"]
[WhiteElo "2295"]
[BlackElo "2235"]

1.e4 c5 2.Nf3 e6 3.Nc3 a6 4.d4 cxd4 5.Nxd4 Qc7 6.Bd3 Nc6 7.Nxc6 dxc6 8.f4 e5
9.f5 Nf6 10.Qf3 b5 11.g4 Bb7 12.a4 Bc5 13.Bd2 Nd7 14.g5 Bd4 15.axb5 axb5
16.Rxa8+ Bxa8 17.Nd1 Qd6 18.c3 Bb6 19.h4 O-O 20.Bc2 Rd8 21.Be3 Bxe3 22.Nxe3 Nb6
23.O-O Qc5 24.Kh1 Rd2 25.g6 Nc4 26.Nxc4 Qxc4 27.Rd1 Rxd1+ 28.Qxd1 hxg6 29.fxg6  1-0

[Event "Wch Seniors"]
[Site "Bad Liebenzell"]
[Date "1996.??.??"]
[Round "5"]
[White "Rosen, Willy"]
[Black "Forintos, Gyozo V"]
[Result "1/2-1/2"]
[WhiteElo "2270"]
[BlackElo "2405"]

1.e4 c5 2.Nf3 e6 3.d4 cxd4 4.Nxd4 a6 5.Nc3 Qc7 6.Bd3 Nc6 7.Nxc6 bxc6 8.O-O Nf6
9.Re1 e5 10.Na4 d6 11.c4 Be6 12.b3 Be7 13.Bb2 c5 14.Nc3 Bd7 15.Bf1 O-O 16.g3 Rab8
17.f4 Rfe8 18.Rc1 Qb6 19.Rc2 Bf8 20.f5 Be7 21.g4 h6 22.h4 Nh7 23.Rh2 f6 24.Nd5 Qd8
25.Bc3 Bc6 26.Qd2 Rb7 27.Ba5 Qb8 28.Re3 Bd8 29.Rd3 Bxa5 30.Qxa5 Bxd5 31.cxd5 c4
32.bxc4 Qa7+ 33.Rf2 Reb8 34.Kg2 Nf8 35.Qa3 Nd7 36.Rdf3 Nc5 37.Qe3 Rb2 38.g5 Rxf2+
39.Rxf2 hxg5 40.hxg5 fxg5 41.f6 Rf8 42.Qxg5 Rxf6 43.Rxf6 Nxe4 44.Qg4 Nxf6
45.Qc8+ Kh7 46.Bd3+ e4 47.Bxe4+ Nxe4 48.Qf5+ g6 49.Qxe4 Qd7 50.Kg3 a5 51.Kf4 Kg7
52.Kg5 Qd8+ 53.Kg4 Qf6 54.a4 Kf7 55.Kg3 Qg5+ 56.Kh2 Qh5+ 57.Kg3 Qg5+ 58.Kh2 Qf5
59.Qd4 Qc2+ 60.Kg3 Qxa4 61.Qf4+ Ke7 62.Qe3+ Kd7 63.Qa7+ Kd8 64.Qb6+ Ke7 65.Qe3+ Kd7
66.Qa7+ Kc8 67.Qa8+ Kd7  1/2-1/2

[Event "Wch Seniors"]
[Site "Bad Liebenzell"]
[Date "1996.??.??"]
[Round "10"]
[White "Rosen, Willy"]
[Black "Taimanov, Mark E"]
[Result "1/2-1/2"]
[WhiteElo "2270"]
[BlackElo "2470"]

1.e4 c5 2.Nf3 e6 3.d4 cxd4 4.Nxd4 a6 5.Nc3 Qc7 6.Bd3 Nc6 7.Nxc6 Qxc6 8.O-O b5
9.Qe2 Bb7 10.f4 Nf6 11.e5 b4 12.Nd1 Ne4 13.Be3 Bc5 14.Rf3 O-O 15.c3 bxc3
16.Bxe4 Qxe4 17.Nxc3 Bxe3+ 18.Qxe3 Qxe3+ 19.Rxe3 f6 20.b4 fxe5 21.fxe5 Rf4
22.Rb1 Rd4 23.Rd1 Rxd1+ 24.Nxd1 Bc6 25.Nc3 Rb8 26.a3 a5 27.bxa5 Ra8 28.Ne4 Rxa5
29.Nd6 Kf8 30.Kf2 Ke7 31.h4 g6 32.g3 Kd8 33.Nf7+ Kc7 34.Ng5 h5 35.Nf7 Ra8
36.Ke2 Kb6 37.Rc3 Ra4 38.Nd6 Rg4 39.Kf2  1/2-1/2

[Event "AZE-ch"]
[Site "Baku"]
[Date "1996.??.??"]
[Round "?"]
[White "Bagirov, Rufat"]
[Black "Gadjilu, Rauf"]
[Result "0-1"]
[WhiteElo "2305"]
[BlackElo "2305"]

1.e4 c5 2.Nf3 e6 3.Nc3 a6 4.d4 cxd4 5.Nxd4 Qc7 6.Bd3 d6 7.Be3 Nf6 8.f4 Nbd7
9.Qf3 b5 10.O-O-O Bb7 11.a3 Nc5 12.g4 d5 13.e5 Nfe4 14.Bxe4 Nxe4 15.Nxe4 dxe4
16.Qf2 b4 17.axb4 Bxb4 18.f5 Bd5 19.fxe6 fxe6 20.Rhf1 Rf8 21.Qh4 Qa5 22.Rxf8+ Kxf8
23.Rf1+ Kg8 24.Kd1 Bc4 25.Rf4 Qa1+ 26.Bc1 e3 27.c3 Bc5 28.Kc2 Qa4+ 29.b3 Bxb3+
30.Nxb3 Qxf4 31.Nxc5 Qf2+  0-1

[Event "AZE-ch"]
[Site "Baku"]
[Date "1996.??.??"]
[Round "?"]
[White "Gadjilu, Rauf"]
[Black "Sideif Sade, Fikret I"]
[Result "1-0"]
[WhiteElo "2305"]
[BlackElo "2425"]

1.e4 c5 2.Nf3 e6 3.d4 cxd4 4.Nxd4 a6 5.Nc3 Qc7 6.g3 Nc6 7.Bg2 Nf6 8.O-O Be7
9.Re1 O-O 10.Nxc6 bxc6 11.e5 Nd5 12.Na4 a5 13.c4 Nb4 14.Be3 Rb8 15.Bc5 Bxc5
16.Nxc5 Rd8 17.Qe2 d6 18.exd6 Qxd6 19.Rad1 Qe7 20.Qe5 Ra8 21.a3 Na6 22.Bxc6 Nxc5
23.Qxc5  1-0

[Event "Balatonbereny op"]
[Site "Balatonbereny"]
[Date "1996.??.??"]
[Round "2"]
[White "Kallgren, Mikael"]
[Black "Izsak, Gyula"]
[Result "1-0"]
[WhiteElo "2135"]
[BlackElo "2435"]

1.e4 c5 2.Nf3 e6 3.Nc3 a6 4.d4 cxd4 5.Nxd4 Qc7 6.Bd3 Nf6 7.O-O Be7 8.f4 d6
9.Nf3 Nc6 10.Qe1 O-O 11.e5 Ne8 12.Ne4 dxe5 13.Neg5 f5 14.Nxe5 Bxg5 15.Nxc6 Bxf4
16.Rxf4 Qxc6 17.Rc4 Qd7 18.Bf4 b5 19.Rc3 Bb7 20.Rd1 Bd5 21.Be2 Rc8 22.Bf3 Nf6
23.Be5 Rxc3 24.Qxc3 Qf7 25.Bxf6 Bxf3 26.gxf3 gxf6 27.Qc6 Kh8 28.Kh1 e5 29.Qxa6 b4
30.Qd6 Rg8 31.Qxb4 Qg7 32.Qd2 e4 33.Qf2 e3 34.Qe2 f4 35.b4 Qc7 36.c4 Rd8
37.c5 Rxd1+ 38.Qxd1 Qe5 39.c6 Qc3 40.Qd8+ Kg7 41.Qd7+ Kh6 42.Qh3+ Kg7 43.Qg4+ Kf7
44.Qh5+ Kg7 45.Qg4+ Kf7 46.Qd7+ Kg6 47.Kg2 Qc2+ 48.Kh3 e2 49.Qe8+ Kg5 50.c7 Qd1
51.Qg8+ Kh6 52.c8=Q Qf1+ 53.Kg4 Qg2+ 54.Kf5  1-0

[Event "Balatonbereny op"]
[Site "Balatonbereny"]
[Date "1996.??.??"]
[Round "3"]
[White "Grabics, Monika"]
[Black "Fogarasi, Tibor"]
[Result "0-1"]
[WhiteElo "2225"]
[BlackElo "2500"]

1.e4 c5 2.Nf3 e6 3.d4 cxd4 4.Nxd4 a6 5.Nc3 Qc7 6.f4 b5 7.Bd3 Bb7 8.a3 d6
9.Qf3 Nf6 10.g4 Nc6 11.Be3 h6 12.Qh3 Nxd4 13.Bxd4 e5 14.fxe5 dxe5 15.Qg3 Bd6
16.Be3 b4 17.axb4 Bxb4 18.O-O Bxc3 19.bxc3 Nxe4 20.Bxe4 Bxe4 21.Bd4 f6 22.Rae1 Qc6
23.Bxe5 O-O 24.Bd4 a5 25.h4 Rae8 26.g5 hxg5 27.hxg5 f5 28.Rb1 Bxc2 29.Rb6 Qe4
30.g6 Bd3 31.Rb7 Rf6 32.Bxf6 Qxb7 33.Qxd3 gxf6 34.Qxf5 Qb6+ 35.Qf2 Qxf2+
36.Rxf2 Kg7 37.Kg2 Kxg6 38.Ra2 Re5 39.Ra4 Rc5 40.Kf2 Kg5 41.Ke2 f5 42.Kf2 f4
43.Ra1 Kf5 44.Ra4 Kg4 45.Ra3 Rh5 46.c4 Rh2+ 47.Kg1 Rc2 48.Rxa5 Kg3 49.Rg5+ Kf3
50.c5 Rc1+ 51.Kh2 Ke3 52.Rf5 f3 53.Kg3 Rg1+ 54.Kh2 f2  0-1

[Event "Balatonbereny"]
[Site "Balatonbereny"]
[Date "1996.??.??"]
[Round "11"]
[White "Wach, Markus"]
[Black "Sax, Gyula"]
[Result "1/2-1/2"]
[WhiteElo "2380"]
[BlackElo "2560"]

1.e4 c5 2.Nf3 e6 3.d4 cxd4 4.Nxd4 a6 5.Nc3 d6 6.g4 b5 7.a3 Bb7 8.Bg2 h6 9.h4 Be7
10.g5 hxg5 11.hxg5 Rxh1+ 12.Bxh1 g6 13.Qg4 Nd7 14.Nxe6 fxe6 15.Qxe6 Kf8 16.Qxg6 Ne5
17.Qh7 Bc8 18.g6 Bf6 19.Nd5 Bg7 20.Be3 Bg4 21.f4 Nh6 22.fxe5 Qh4+ 23.Kd2 Qh2+
24.Kc3 Qe2 25.Bxh6 Qc4+ 26.Kd2 Qd4+ 27.Ke1 Qg1+ 28.Kd2 Qh2+ 29.Kd3 Qe2+ 30.Kc3 Qc4+
31.Kd2 Qe2+  1/2-1/2

[Event "Foment Martinenc op"]
[Site "Barcelona"]
[Date "1996.??.??"]
[Round "5"]
[White "Boix Moreno, Daniel"]
[Black "Vidarte Morales, Arturo"]
[Result "0-1"]
[WhiteElo "2215"]
[BlackElo "2340"]

1.e4 c5 2.Nf3 e6 3.d4 cxd4 4.Nxd4 a6 5.Nc3 Qc7 6.Be2 b5 7.O-O Bb7 8.Re1 Nc6
9.Nxc6 dxc6 10.e5 Ne7 11.Bd3 O-O-O 12.Qe2 Kb8 13.a4 Nf5 14.f4 h5 15.Ne4 Be7
16.Bd2 Rd4 17.b4 h4 18.h3 Rhd8 19.Reb1 Rxe4 20.Qxe4 c5 21.Qe1 Qc6 22.Bf1 c4
23.axb5 axb5 24.Qf2 Rd5 25.Ra7 Bd8 26.Rxb7+ Kxb7 27.Kh2 Bb6 28.Qe1 Rxd2 29.Qxd2 Be3  0-1

[Event "Bardejov"]
[Site "Bardejov"]
[Date "1996.??.??"]
[Round "?"]
[White "Hagara, Eduard"]
[Black "Ostrowski, Leszek"]
[Result "0-1"]
[WhiteElo "2180"]
[BlackElo "2355"]

1.e4 c5 2.Nf3 e6 3.d4 cxd4 4.Nxd4 a6 5.Nc3 b5 6.Be3 Bb7 7.f3 Qc7 8.Be2 Nf6
9.O-O b4 10.Na4 d5 11.Bd3 Bd6 12.g3 dxe4 13.fxe4 Nbd7 14.Qe2 Bxg3 15.hxg3 Qxg3+
16.Kh1 Nxe4 17.Rf3 Ne5 18.Rxg3 Nxg3+ 19.Kg1 Nxe2+ 20.Bxe2 Nd7 21.a3 bxa3
22.Rxa3 O-O 23.c4 Rac8 24.c5 Rfe8 25.Nb6 Nxb6 26.cxb6 e5 27.Nf5 Rc2 28.Nd6 Re6
29.Nxb7 Rxe2 30.Rc3 h5 31.Kf1 Rxb2 32.Nd8 Rd6  0-1

[Event "Regionalliga NO9596"]
[Site "Bayern"]
[Date "1996.??.??"]
[Round "?"]
[White "Churt, Kerstin"]
[Black "Cipra, Lothar"]
[Result "0-1"]
[WhiteElo "1980"]
[BlackElo "2005"]

1.e4 c5 2.Nf3 e6 3.d4 cxd4 4.Nxd4 a6 5.Nc3 Qc7 6.Bd3 Nc6 7.Be3 Nf6 8.O-O b5
9.a3 Bb7 10.Qe2 Nxd4 11.Bxd4 Bc5 12.Bxc5 Qxc5 13.Rad1 h5 14.Rfe1 Qe5 15.Qe3 Ng4
16.Qg3 Qxg3 17.fxg3 Rc8 18.Be2 Ne5 19.Rd4 Ke7 20.a4 Nc6 21.Rd2 b4 22.Na2 g6
23.c3 bxc3 24.Nxc3 Nb4 25.Red1 Rhd8 26.Rd6 Rc6 27.e5 Rxd6 28.Rxd6 Nc6 29.b4 Rc8
30.b5 Nxe5 31.Rb6 Rxc3 32.Rxb7 axb5 33.Bxb5 Ra3 34.Ra7 Kd6 35.a5 Nc6 36.Bxc6 Kxc6
37.a6 d5 38.Ra8 Ra5 39.Ra7 Kb6 40.Rxf7 Rxa6 41.Rf6 Kc5 42.Rxg6 Kd4 43.h4 Ra1+
44.Kh2 e5 45.g4 hxg4 46.Rxg4+ e4 47.h5 Ra7 48.h6 Rh7 49.Rh4 Ke3 50.g4 Kf4
51.Kh3 Kf3 52.Rh5 e3 53.Rf5+ Ke4 54.Rf6 Ke5 55.g5 e2 56.Rf8 Re7 57.h7 Rxh7+
58.Kg2 Kd4 59.Re8 Kd3 60.Kf2 Rf7+ 61.Kg2 Rf1 62.g6 e1=Q 63.Rxe1 Rxe1  0-1

[Event "Regionalliga SO9596"]
[Site "Bayern"]
[Date "1996.??.??"]
[Round "?"]
[White "Grimm, Markus"]
[Black "Kislinger, Georg"]
[Result "0-1"]
[WhiteElo "1880"]
[BlackElo "2025"]

1.e4 e6 2.d4 c5 3.Nf3 cxd4 4.Nxd4 a6 5.Nc3 Qc7 6.Be2 Nf6 7.O-O Be7 8.f4 d6
9.a4 Nc6 10.Be3 O-O 11.Bf3 Na5 12.Kh1 Rb8 13.Be2 b6 14.Bd3 Nc4 15.Bc1 Bb7
16.Qe2 Rfc8 17.Nf3 Nd7 18.Nd2 Nxd2 19.Bxd2 Nc5 20.Be3 Bf6 21.Ra3 g6 22.Qf2 Qd8
23.Bd4 Qe7 24.Raa1 e5 25.fxe5 Bxe5 26.Bxe5 dxe5 27.Rad1 Rd8 28.Qe2 Rd4 29.Bc4 Rxd1
30.Qxd1 Ne6 31.Nd5 Bxd5 32.exd5 Nf4 33.g3 Qc5 34.Bb3 Nh3 35.Kg2 Ng5 36.h4 Ne4
37.Qd3 Nd6 38.Rf6 Kg7 39.Rf1 Qd4 40.Qf3 f5 41.c3 Qe4 42.Rd1 Qxf3+ 43.Kxf3 Kf6
44.Rd2 Rc8 45.Bd1 h6 46.Be2 a5 47.Ke3 g5 48.hxg5+ hxg5 49.Kf3 e4+ 50.Kf2 Ke5
51.Rd4 Rc5 52.Rd1 Rxd5 53.Rxd5+ Kxd5 54.b3 Ke5 55.Ke3 f4+ 56.Kf2 f3 57.Ba6 g4
58.b4 Nf5 59.bxa5 bxa5 60.Bb5 e3+  0-1

[Event "Regionalliga SO9596"]
[Site "Bayern"]
[Date "1996.??.??"]
[Round "?"]
[White "Gibis, Reinhard"]
[Black "Koehl, Franz Xaver"]
[Result "1-0"]
[WhiteElo "2035"]
[BlackElo "2040"]

1.e4 c5 2.Nf3 e6 3.d4 cxd4 4.Nxd4 a6 5.Nc3 Qc7 6.Bd3 Nc6 7.Be3 Bd6 8.h3 Nxd4
9.Bxd4 Be5 10.Bxe5 Qxe5 11.O-O Nf6 12.f4 Qc5+ 13.Kh1 d6 14.Qe2 e5 15.Nd5 Nxd5
16.exd5 O-O 17.fxe5 Qxd5 18.Bc4 Qxe5 19.Qxe5 dxe5 20.Rxf7 Rxf7 21.Rf1 Be6
22.Bxe6 Rf8 23.Rf5 e4 24.Rf4 e3 25.Re4 Rd8 26.Rxe3 Kf8 27.Bxf7 Kxf7 28.Kh2 b5
29.a3 Kf6 30.Kg3 g5 31.Kf3 h5 32.Rc3 Rd6 33.Rc5 Kg6 34.Ke3 Kf6 35.b4 Re6+
36.Kf3 Rd6 37.g4 hxg4+ 38.hxg4 Re6 39.c4 bxc4 40.Rxc4 Kg6 41.a4 Rd6 42.Ke4 Kf6
43.b5 axb5 44.axb5 Rd1 45.Rb4 Ke6 46.b6 Re1+ 47.Kd4 Rd1+ 48.Kc5  1-0

[Event "Regionalliga NW9596"]
[Site "Bayern"]
[Date "1996.??.??"]
[Round "?"]
[White "Vogt, Thomas"]
[Black "Bachmann, Wolfgang"]
[Result "1-0"]
[WhiteElo "1965"]
[BlackElo "1945"]

1.e4 c5 2.Nf3 e6 3.d4 cxd4 4.Nxd4 a6 5.Nc3 Qc7 6.Bd3 Nc6 7.Be3 Nf6 8.O-O Be7
9.a4 b6 10.f4 d6 11.e5 dxe5 12.Nxc6 Qxc6 13.fxe5 Bb7 14.Qe2 Nd5 15.Nxd5 exd5
16.Qf2 O-O 17.Bxb6 f6 18.e6 Qxe6 19.Rae1 Qd6 20.Bd4 Rf7 21.b4 Qc7 22.b5 axb5
23.axb5 Bb4 24.Re3 g6 25.Re6 Raf8 26.Qe3 f5 27.b6 Qb8 28.Bb2 Rc8 29.Kh1 Bc5
30.Bd4 Bxd4 31.Qxd4 Re8 32.Rfe1 Rxe6 33.Rxe6 Qf8 34.Qe5 Qg7 35.Re8+ Rf8 36.Qe6+ Qf7
37.Rxf8+ Kxf8 38.Qe5 Kg8 39.h3 h5 40.Bb5 Kh7 41.Be8 Qg7 42.Qd6 Kh6 43.Bd7 Kh7
44.Be6 Qd4 45.Bf7 Qg7 46.Bxd5 Qa1+ 47.Kh2 Qd4 48.Bg8+  1-0

[Event "Regionalliga NO9596"]
[Site "Bayern"]
[Date "1996.??.??"]
[Round "?"]
[White "Knitl, Anton"]
[Black "Herzog, Klaus"]
[Result "1-0"]
[WhiteElo "2040"]
[BlackElo "2105"]

1.e4 c5 2.Nf3 e6 3.d4 cxd4 4.Nxd4 a6 5.Nc3 Qc7 6.Be2 Nf6 7.O-O Nc6 8.Be3 Bb4
9.Na4 Bd6 10.f4 Nxe4 11.c4 O-O 12.Nxc6 Qxc6 13.Bf3 f5 14.c5 Be7 15.Rc1 Rb8
16.Qb3 Qb5 17.Qc2 Nf6 18.Rfd1 Ng4 19.Bd4 Bf6 20.Nb6 Bxd4+ 21.Rxd4 d5 22.a4 Qe8
23.Bxg4 fxg4 24.Qe2 Bd7 25.Re1 Rf6 26.Qxg4 Qf7 27.Re5 Bc6 28.b4 Rf8 29.g3 Rg6
30.Qe2 Rf6 31.b5 Be8 32.bxa6 bxa6 33.Qxa6 Qg6 34.Qd3 Rxf4 35.Qxg6 Rf1+ 36.Kg2 Bxg6
37.Rd2 Be4+ 38.Rxe4 dxe4 39.Re2 Rc1 40.Rxe4 Rxc5 41.Rxe6 Rc2+ 42.Kh3 Rff2
43.a5 Rxh2+ 44.Kg4 h5+ 45.Kg5 Rh3 46.Re3 Ra2 47.Kg6 Rf2 48.Nd7 Rxg3+ 49.Rxg3 Rd2
50.Nb6 Ra2 51.Re3 Rg2+ 52.Kxh5 Ra2 53.Kg6 Rg2+ 54.Kf5 Ra2 55.Nc4 Ra4 56.Re4 Kf8
57.Ke6  1-0

[Event "Regionalliga NW9596"]
[Site "Bayern"]
[Date "1996.??.??"]
[Round "?"]
[White "Assmann, Armin"]
[Black "Becker, Alexander"]
[Result "0-1"]
[WhiteElo "1610"]
[BlackElo "1860"]

1.e4 c5 2.Nf3 e6 3.d4 cxd4 4.Nxd4 a6 5.Nc3 Qc7 6.Be2 Nc6 7.Be3 b5 8.a3 Bb7
9.O-O Rc8 10.Qd2 Na5 11.f3 Nc4 12.Bxc4 Qxc4 13.Rac1 Bxa3 14.bxa3 Qxc3 15.Qd3 Ne7
16.Bd2 Qc5 17.Be3 Qc4 18.Rfd1 Qxd3 19.cxd3 O-O 20.Nb3 Rxc1 21.Rxc1 Rc8 22.Nc5 Bc6
23.Bd2 Kf8 24.Bb4 Ra8 25.Ba5 d6 26.Nb3 Ke8 27.Kf2 Kd7 28.Ke3 Rc8 29.Kd2 f6
30.Bb4 Bb7 31.Rxc8 Bxc8 32.Kc3 Nc6 33.Na5 Nxb4 34.Kxb4 Kc7 35.Nb3 Kb6 36.g3 e5
37.g4 Be6 38.Na1 a5+ 39.Kc3 Kc5 40.Nc2 Ba2 41.Kb2 Bf7 42.Kc3 d5 43.Kb2 dxe4
44.dxe4 b4 45.axb4+ axb4 46.Ne3 g6 47.Nc2 Be6 48.h4 Bc4 49.g5 fxg5 50.hxg5 Be2
51.Ne1  0-1

[Event "Regionalliga SO9697"]
[Site "Bayern"]
[Date "1996.??.??"]
[Round "?"]
[White "Forstmaier, Markus"]
[Black "Kislinger, Georg"]
[Result "0-1"]
[WhiteElo "1925"]
[BlackElo "2040"]

1.e4 e6 2.d4 c5 3.Nf3 cxd4 4.Nxd4 a6 5.Nc3 Qc7 6.Bd3 Nf6 7.O-O Be7 8.Be3 b5
9.f4 d6 10.Qf3 Bb7 11.Qg3 b4 12.Nce2 g6 13.Qf3 Nbd7 14.Ng3 Nc5 15.a3 bxa3
16.Rxa3 O-O 17.h4 h5 18.Rc3 Qb6 19.Nb3 a5 20.Nxc5 dxc5 21.Qe2 Ng4 22.f5 Bxh4
23.Bxc5 Qc7 24.e5 Bxg3 25.Bxf8 Qd8 26.f6 Qd4+ 27.Kh1 Nf2+ 28.Rxf2 Qh4+  0-1

[Event "Beersheba"]
[Site "Beersheba"]
[Date "1996.??.??"]
[Round "5"]
[White "Vydeslaver, Alik"]
[Black "Tunik, Gennady"]
[Result "1/2-1/2"]
[WhiteElo "2480"]
[BlackElo "2475"]

1.e4 c5 2.Nf3 e6 3.Nc3 a6 4.d4 cxd4 5.Nxd4 Qc7 6.Be2 Nc6 7.Be3 Nf6 8.a3 Be7
9.g4 h6 10.Qd2 b5 11.f3 Bb7 12.h4 Ne5 13.Rg1 Nc4 14.Bxc4 Qxc4 15.Nb3 a5 16.Qd3 Qxd3
17.cxd3 b4 18.Nb5 O-O 19.Bc5 Bxc5 20.Nxc5 Bc6 21.Nd4 Rfc8 22.axb4 axb4 23.Kd2 g5
24.hxg5 hxg5 25.Na6 b3 26.Nc5 Rab8 27.Rgc1 Kg7 28.Ncxb3 Rh8 29.Rc2 Rh2+ 30.Kc3 Rh3
31.Ra5 Kg6 32.Nd2 Ba8 33.b4 d5 34.Rca2 dxe4 35.Rxa8 Nd5+ 36.Kb2 Rxb4+ 37.N2b3 exf3
38.Ka3 Rg3 39.Rg8+ Kf6 40.Rf2 Rxg4 41.Rxf3+ Rf4 42.Rxf4+ gxf4 43.Nf3 Rb5
44.Nbd2 Nc3 45.Rg4 e5 46.d4 exd4 47.Nxd4 Rd5 48.N4b3 Kf5 49.Rg7 f6 50.Kb4 Ne4
51.Nf3 Ng5 52.Kc4 Rd1 53.Nfd4+ Kg4 54.Rg6 f3 55.Rxf6 Ne4  1/2-1/2

[Event "Lee Cup"]
[Site "Beijing"]
[Date "1996.??.??"]
[Round "5"]
[White "Kuang Yinghui"]
[Black "Landa, Konstantin"]
[Result "0-1"]
[WhiteElo "2115"]
[BlackElo "2570"]

1.e4 c5 2.Nf3 e6 3.d4 cxd4 4.Nxd4 a6 5.Nc3 Qc7 6.g3 Nf6 7.Bg2 Bc5 8.O-O O-O
9.Bg5 Be7 10.Re1 d6 11.Qe2 h6 12.Be3 Nc6 13.Rad1 Bd7 14.f4 Rac8 15.Kh1 b5
16.a3 Nxd4 17.Bxd4 e5 18.Be3 Rfe8 19.Qf1 Rb8 20.Rd3 a5 21.fxe5 dxe5 22.Nd5 Nxd5
23.Rxd5 Be6 24.Rd2 b4 25.axb4 Bxb4 26.c3 Bc5 27.Qf2 Bxe3 28.Qxe3 Rb3 29.Bf3 Reb8
30.Qf2 Qb7 31.Ra1 Rxb2 32.Rxb2 Qxb2 33.Qxb2 Rxb2 34.Rxa5 Bh3 35.Kg1 f6 36.Ra7 Kh7
37.Rc7 Kg6 38.c4 h5 39.Ra7 Rc2 40.Rc7 Kh6 41.Rc6 g5 42.Rxf6+ Kg7 43.Rd6 g4
44.Bd1 Rg2+  0-1

[Event "Lee Cup"]
[Site "Beijing"]
[Date "1996.??.??"]
[Round "8"]
[White "Wang Pin"]
[Black "Landa, Konstantin"]
[Result "0-1"]
[WhiteElo "2345"]
[BlackElo "2570"]

1.e4 c5 2.Nf3 e6 3.d4 cxd4 4.Nxd4 a6 5.Nc3 Qc7 6.Be2 Nf6 7.O-O Bb4 8.Qd3 Nc6
9.Kh1 O-O 10.f4 d5 11.e5 Nd7 12.Nb3 Nc5 13.Nxc5 Bxc5 14.Qh3 Rd8 15.Bd3 g6
16.Nd1 h5 17.Be3 Bxe3 18.Nxe3 Kg7 19.Qh4 Qe7 20.Qxe7 Nxe7 21.Rfd1 Bd7 22.c3 Bb5
23.Bxb5 axb5 24.Nc2 Nc6 25.Nd4 Nxd4 26.Rxd4 Ra4 27.Rxa4 bxa4 28.Kg1 Rc8 29.Rc1 Rc4
30.g3 g5 31.fxg5 Re4 32.Kf2 Rxe5 33.h4 Re4 34.Rd1 f6 35.gxf6+ Kxf6 36.Rd3 a3
37.b3 b5 38.Rf3+ Ke5 39.Re3 Kf5 40.Rf3+ Ke5 41.Re3 Rxe3 42.Kxe3 Kf5 43.Kd4 Kg4
44.Kc5 Kxg3 45.Kxb5 e5 46.c4 d4 47.c5 d3 48.c6 d2 49.c7 d1=Q 50.c8=Q Qd5+
51.Ka4 e4 52.Qc3+ Qd3 53.Qe5+ Kf2 54.Qxh5 e3 55.Qe5 Kf3 56.Qh5+ Kg3 57.Qe5+ Kf2
58.Qc5 Kf1 59.Qc1+ Kg2 60.Qc6+ Kg3 61.Qc7+ Kg4 62.Qg7+ Kh3 63.Qe5 e2 64.h5 Qd2
65.Qf5+ Kg3 66.Qe5+ Qf4+  0-1

[Event "Berliner Sommer"]
[Site "Berlin"]
[Date "1996.??.??"]
[Round "2"]
[White "Eismont, Oleg"]
[Black "Brustkern, Juergen"]
[Result "1/2-1/2"]
[WhiteElo "2455"]
[BlackElo "2205"]

1.e4 c5 2.Nc3 e6 3.Nf3 a6 4.d4 cxd4 5.Nxd4 Qc7 6.Be2 b5 7.O-O Bb7 8.Bf3 Nc6
9.Nxc6 Bxc6 10.Re1 Rc8 11.a4 Bd6 12.h3 Ne7 13.axb5 axb5 14.Qd4 Be5 15.Qc5 d6
16.Qb4 O-O 17.Be3 Ra8 18.Be2 Qb7 19.Bd3 Ng6 20.g3 Bxc3  1/2-1/2

[Event "Bern op"]
[Site "Bern"]
[Date "1996.??.??"]
[Round "4"]
[White "Sziebert, Adam"]
[Black "Lyrberg, Patrik"]
[Result "0-1"]
[WhiteElo "2325"]
[BlackElo "2425"]

1.e4 c5 2.Nf3 e6 3.d4 cxd4 4.Nxd4 a6 5.Nc3 d6 6.Be3 Nc6 7.f4 Be7 8.Qf3 Nf6
9.Bc4 Bd7 10.O-O-O Nxd4 11.Bxd4 Bc6 12.g4 b5 13.Bb3 b4 14.g5 bxc3 15.Qxc3 Rc8
16.gxf6 Bxf6 17.e5 dxe5 18.Bxe5 Qe7 19.Ba4 Qb7 20.Bxf6 Bxa4 21.Qd4 gxf6 22.Qxa4+ Qc6
23.Qb3 Ke7 24.Rhg1 Rc7 25.Rg3 Rd8 26.Qa3+ Qc5 27.Rc3 Rxd1+ 28.Kxd1 Qxa3 29.Rxa3 Rc6
30.Kd2 f5 31.Rc3 Rb6 32.b3 Rb4 33.Rc7+ Kd6 34.Rxf7 Rxf4 35.Rxh7 Rf2+ 36.Kd3 e5
37.Rh6+ Kc5 38.Rxa6 e4+ 39.Ke3 Rf3+ 40.Ke2 Kd4 41.Rd6+ Ke5 42.Rh6 f4 43.c4 Re3+
44.Kf2 Rc3 45.Rh5+ Ke6 46.c5 Rc2+ 47.Ke1 f3 48.Rh8 Kd5 49.c6 e3 50.Rd8+ Ke4
51.Re8+ Kd3 52.Rd8+ Kc3 53.c7 f2+  0-1